Catálogo
 En Linea

Indigenismos antillanos / (Registro nro. 52806)

Detalles MARC
000 -CABECERA
campo de control de longitud fija 02536nam a2200373 i 4500
003 - IDENTIFICADOR DEL NÚMERO DE CONTROL
campo de control DO-SdBNP
005 - FECHA Y HORA DE LA ÚLTIMA TRANSACCIÓN
campo de control 20251202111711.0
006 - CÓDIGOS DE INFORMACIÓN DE LONGITUD FIJA--CARACTERÍSTICAS DEL MATERIAL ADICIONAL
campo de control de longitud fija a||||gr|||| 00| 0
007 - CAMPO FIJO DE DESCRIPCIÓN FÍSICA--INFORMACIÓN GENERAL
campo de control de longitud fija ta
008 - DATOS DE LONGITUD FIJA--INFORMACIÓN GENERAL
campo de control de longitud fija 221104e2022 dr a ||gr|||| 00| edspa d
020 ## - NÚMERO INTERNACIONAL ESTÁNDAR DEL LIBRO
Número Internacional Estándar del Libro 9789945929621
040 ## - FUENTE DE LA CATALOGACIÓN
Centro catalogador/agencia de origen Do-SdBNP
Lengua de catalogación spa
Centro/agencia transcriptor BNPHU
Normas de descripción rda
082 #4 - NÚMERO DE LA CLASIFICACIÓN DECIMAL DEWEY
Número de edición 22
Número de documento/Ítem R579i
100 ## - ENTRADA PRINCIPAL--NOMBRE DE PERSONA
9 (RLIN) 70376
Nombre de persona Rincón González, María José
Término indicativo de función/relación autora
245 10 - MENCIÓN DE TÍTULO
Título Indigenismos antillanos /
Mención de responsabilidad, etc. María José Rincón González ; ilustración, Juan Ramón Peralta Rincón; Cuidado edición, Daniela Cruz Gil; presentación, Eric Fournier.
264 #1 - PRODUCCIÓN, PUBLICACIÓN, DISTRIBUCIÓN, FABRICACIÓN Y COPYRIGHT
Producción, publicación, distribución, fabricación y copyright Santo Domimgo :
Nombre del de productor, editor, distribuidor, fabricante Centro León,
Fecha de producción, publicación, distribución, fabricación o copyright 2022
300 ## - DESCRIPCIÓN FÍSICA
Extensión 167 páginas :
Otras características físicas ilustraciones ;
Dimensiones 25 cm
336 ## - TIPO DE CONTENIDO
Fuente rdacontent
Término de tipo de contenido texto
Código de tipo de contenido txt
337 ## - TIPO DE MEDIO
Fuente rdamedia
Nombre/término del tipo de medio sin mediación
Código del tipo de medio n
338 ## - TIPO DE SOPORTE
Fuente rdacarrier
Nombre/término del tipo de soporte volumen
Código del tipo de soporte n
500 ## - NOTA GENERAL
Nota general Incluye datos biográficos de la autora en la solapa de la cubierta
504 ## - NOTA DE BIBLIOGRAFÍA, ETC.
Nota de bibliografía, etc. Bibliografía : páginas 142-145
505 0# - NOTA DE CONTENIDO CON FORMATO
Título Una vasija que lleva siglos en nuestra cocina.-- Huella linguística.-- ¿La lengua de los indios?.-- Lengua franca.-- Historias novelescas.-- Nuevas realidades, nuevas herramientas.-- Palabras de siempre, nuevo significados.-- Palabras indígenas en letras latinas.-- Los indigenismos entran en la lengua española.-- Los primos.-- Los indigenismos llegan al diccionario.-- Primeros antillanismos en la literatura.-- Cartas con regusto antillano.--
-- Integradas y miméticas.-- La realidad humana.-- Entornos con sabor ancestral.-- La vida cotidiana.-- El pan de los indios.-- Alimentos y palabras que emigran.-- Sabor y color antillano.-- Armas y ataques.-- En el agua.-- Productos útiles.-- Un mundo de frutas.-- Suertes dispares.-- Árboles muy diferentes.-- Aplicaciones medicinales.-- Palmas.-- Roedores y reptiles.-- En los cielos de la Española.-- Tesoros de aguas saladas y dulces.-- Otros pobladores.--
-- Pervivencia de las palabras antillanas en el español de España.-- La literatura y la música resuenan con los indigenismos antillanos.-- Ventanas abiertas.-- Referencias bibliográficas.--
-- Glosario.
590 ## - NOTA LOCAL (RLIN)
Nota local Inventariado, 2024 / MF
650 #0 - PUNTO DE ACCESO ADICIONAL DE MATERIA--TÉRMINO DE MATERIA
Término de materia o nombre geográfico como elemento de entrada Indios de las Antillas
9 (RLIN) 1049
650 #4 - PUNTO DE ACCESO ADICIONAL DE MATERIA--TÉRMINO DE MATERIA
9 (RLIN) 19502
Término de materia o nombre geográfico como elemento de entrada Indígenas de Las Antillas
Subdivisión de forma Diccionarios
Subdivisión general Lenguas
650 #4 - PUNTO DE ACCESO ADICIONAL DE MATERIA--TÉRMINO DE MATERIA
9 (RLIN) 82173
Término de materia o nombre geográfico como elemento de entrada Lenguas indígenas
700 1# - PUNTO DE ACCESO ADICIONAL--NOMBRE DE PERSONA
Nombre de persona Peralta Ricón, Juan Ramón,
Término indicativo de función/relación ilustrador
9 (RLIN) 83139
700 1# - PUNTO DE ACCESO ADICIONAL--NOMBRE DE PERSONA
Nombre de persona Cruz Gil, Daniela,
Fechas asociadas al nombre 1984-
Término indicativo de función/relación editor
9 (RLIN) 86930
700 #2 - PUNTO DE ACCESO ADICIONAL--NOMBRE DE PERSONA
Nombre de persona Fournier, Eric,
Término indicativo de función/relación presentación
9 (RLIN) 86140
710 2# - PUNTO DE ACCESO ADICIONAL--NOMBRE DE ENTIDAD CORPORATIVA
Nombre de entidad corporativa o nombre de jurisdicción como elemento de entrada Centro Cultural Eduardo León Jimenes
9 (RLIN) 56909
910 ## - DATOS DE OPCIÓN DEL USUARIO (OCLC)
Datos de opción del usuario Btavárez
942 ## - ELEMENTOS DE PUNTO DE ACCESO ADICIONAL (KOHA)
Fuente del sistema de clasificación o colocación Dewey Decimal Classification
Tipo de ítem Koha Libro
Existencias
Estado de retiro Estado de pérdida Fuente del sistema de clasificación o colocación Restricciones de uso No para préstamo Código de colección Localización permanente Ubicación/localización actual Ubicación en estantería Fecha de adquisición Fuente de adquisición Signatura topográfica completa Código de barras Fecha visto por última vez Precio válido a partir de Tipo de ítem Koha Número de copia
    Dewey Decimal Classification Excluido de préstamo   Patrimonio Dominicano Biblioteca Nacional Pedro Henríquez Ureña Biblioteca Nacional Pedro Henríquez Ureña En catalogación 04.11.2022 Depósito Legal R579i 2022-4983 04.11.2022 04.11.2022 Libro  
    Dewey Decimal Classification Excluido de préstamo   Patrimonio Dominicano Biblioteca Nacional Pedro Henríquez Ureña Biblioteca Nacional Pedro Henríquez Ureña En catalogación 04.11.2022 Depósito Legal R579i 2022-4984 04.11.2022 04.11.2022 Libro e.2
    Dewey Decimal Classification Préstamo en sala   Dominicana de Servicio Biblioteca Nacional Pedro Henríquez Ureña Biblioteca Nacional Pedro Henríquez Ureña En catalogación 18.10.2022 Donado por Centro León R579i 2022-4985 04.11.2022 04.11.2022 Libro e.3
    Dewey Decimal Classification Préstamo en sala   Dominicana de Servicio Biblioteca Nacional Pedro Henríquez Ureña Biblioteca Nacional Pedro Henríquez Ureña En catalogación 18.10.2022 Donado por Centro León R579i 2023-1031 21.02.2023 21.02.2023 Libro e.4
    Dewey Decimal Classification Préstamo en sala   Dominicana de Servicio Biblioteca Nacional Pedro Henríquez Ureña Biblioteca Nacional Pedro Henríquez Ureña En catalogación 18.10.2022 Donado por Centro León R579i 2023-1032 21.02.2023 21.02.2023 Libro e.5

Con tecnología Koha